BIBLIOTHÈQUE DE LA MAISON DU MEXIQUE

Logo 1 Logo 2

Gunther Gerzso (notice nᵒ 4391)

détails MARC
000 -Sello discográfico
campo de control de longitud fija 00937nam a2200289 4500
005 - Identificación de versión
campo de control 20251016083805.0
035 ## - Otros números de control del sistema
Número de control del sistema 26567
099 ## - fechas locales
Tipo de ítem Koha LIBRO
100 ## - Datos de procesamiento general
Datos de procesamiento general 19990705d1972 m y1spay5003 ba
105 ## - Campo de datos codificados: Material textual, monográfico
Datos codificados de monografía a 001zb
200 1# - Título y mención de responsabilidad
Título propio Gunther Gerzso
Designación general del material texto impreso
Primer mención de responsabilidad Luis Cardoza y Aragón
205 ## - Declaración de edición
Declaración de edición 1a ed
210 ## - Publicación, distribución, etc.
Lugar de publicación, distribución, etc. México
Nombre del editor, distribuidor, etc. Universidad Nacional Autónoma de México
Fecha de publicación, distribución, etc. 1972
215 ## - Descripción física
Designación de material específico y extensión del ítem 111 p
Otras características físicas principalmente fot.
Dimensiones 24 cm
345 ## - Nota de información de adquisición
Fuente de adquisición/dirección de la suscripción [OBSOLETO] Donación del Centro Cultural
410 #1 - Series
Título Colección de Arte
Número de volumen 22
600 ## - Nombre personal usado como materia
Elemento de entrada Gunther
Parte del nombre distinta del elemento de entrada Gerzso
Fechas 1915-2000
Subdivisión temática Crítica e interpretación
Número Koha 8399
606 ## - Término temático usado como materia
Elemento de entrada Pintura mexicana
Subdivisión cronológica Siglo XX
Número Koha 737
700 ## - Nombre personal - Responsabilidad primaria
Elemento de entrada Cardoza y Aragón
Parte del nombre distinta del elemento de entrada Luis
Fechas 1904-1992
Número Koha 494
801 #0 - Fuente de origen
Agencia cm
900 ## -
-- 1/19122
900 ## -
-- 7109911033\050799
942 ## - ELEMENTOS DE ENTRADA SECUNDARIOS (KOHA)
Tipo de ítem Koha Livre
996 ## -
-- MEX
-- 751145101
-- MMAG
-- 002304
-- 709.72 U58 V.22
-- 20200812LIV
Exemplaires
Estatus retirado Estado de daño Estado de pérdida Fecha de adquisición Biblioteca de origen Biblioteca actual Ubicación en estantería Código de barras Precio de reemplazo Signatura topográfica completa No para préstamo Tipo de ítem Koha Nota pública Nota no pública
      05/08/2025 Casa México Paris Casa México Paris   002304 05/08/2025 709.72 U58 V.22   Livre 20200812LIV 751145101